000 00547 a2200205 4500
003 NUST
020 _a9780321500465
038 _akhadija
082 _a519.2
_bDEG
100 1 _aDeGroot, Morris H.
_98620
245 1 0 _aProbability and statistics /
_cMorris H. DeGroot, Mark J. Schervish.
250 _a4th ed.
260 _a[S.l.] :
_bPearson,
_c2011.
300 _a912 p. ;
_c26 cm.
490 1 _a4th edition.
563 _ahardcover
700 1 _aSchervish, Mark J.
_98621
830 0 _a4th edition.
_9167
942 _aSNS
_cBK
_k519.2 DEG
_2ddc
999 _c32315
_d32315